Naruto - personnages de A à Z - Statistiques

Statistiques générales
  • Ce quiz a été pris 858 fois
  • Le résultat moyen est 10 sur 21
Statistiques - réponses
Lettre Personnage % Correct
N Naruto
92%
S Sasuke
87%
K Kakashi
77%
J Jiraya
59%
T Tsunade
58%
H Hinata
55%
O Orochimaru
54%
C Choji
52%
G Gaara
52%
M Madara
52%
I Ino
50%
R Rock Lee
45%
A Akamaru
42%
D Deidara
42%
Z Zetsu
35%
Y Yamato
28%
E Ebisu
24%
F Fugaku
21%
P Pakkun
21%
B Baki
18%
U Utakata
18%
Aucun quiz correspondant
Distribution des résultats
% des personnes avec chaque résultat
Percentile par nombre de réponses
Votre historique - résultats
Vous n’avez pas pris ce quiz